Chromatography for the analysis of lipids: (Record no. 3519)

000 -LEADER
fixed length control field 00464nam a2200181 4500
001 - CONTROL NUMBER
control field 3519
003 - CONTROL NUMBER IDENTIFIER
control field BD-DhUET
008 - FIXED-LENGTH DATA ELEMENTS--GENERAL INFORMATION
fixed length control field 141101b xxu||||| |||| 00| 0 eng d
020 ## - INTERNATIONAL STANDARD BOOK NUMBER
International Standard Book Number 0849342554
040 ## - CATALOGING SOURCE
Transcribing agency 0
Modifying agency BD-DhUET
082 ## - DEWEY DECIMAL CLASSIFICATION NUMBER
Classification number 547.77046
Item number HAM/1993
100 ## - MAIN ENTRY--PERSONAL NAME
Personal name Hammond ,Eugene W.
245 ## - TITLE STATEMENT
Title Chromatography for the analysis of lipids:
Statement of responsibility, etc. by Eugene W. Hammond
250 ## - EDITION STATEMENT
Edition statement 1st ed.
260 ## - PUBLICATION, DISTRIBUTION, ETC. (IMPRINT)
Place of publication, distribution, etc. Boca Raton:
Name of publisher, distributor, etc. CRC Press,
Date of publication, distribution, etc. 1993
300 ## - PHYSICAL DESCRIPTION
Extent 188 P.
942 ## - ADDED ENTRY ELEMENTS (KOHA)
Koha item type General Book
Holdings
Piece designation (barcode) Koha item type Not for loan Lost status Location (home branch) Price effective from Source of classification or shelving scheme Withdrawn status Date acquired Koha full call number Damaged status Koha normalized classification for sorting Shelving location Sublocation or collection (holding branch) Copy number Koha date last seen
109426General Book  Central Library, BUET2014-11-01  2014-11-01547.77046/HAM/1993 547_000000000000000_77046HAM19Circulation sectionCentral Library, BUET12014-11-01
109427General Book  Central Library, BUET2014-11-01  2014-11-01547.77046/HAM/1993 547_000000000000000_77046HAM19Circulation sectionCentral Library, BUET22014-11-01